Quantitative Aptitude (Record no. 343945)

MARC details
000 -LEADER
fixed length control field 00479nam a2200169Ia 4500
008 - FIXED-LENGTH DATA ELEMENTS--GENERAL INFORMATION
fixed length control field 230718s9999 xx 000 0 und d
020 ## - INTERNATIONAL STANDARD BOOK NUMBER
International Standard Book Number 9788121924986
041 ## - LANGUAGE CODE
Language code of text/sound track or separate title eng
082 ## - DEWEY DECIMAL CLASSIFICATION NUMBER
Classification number 372.4
Item number AGG
100 ## - MAIN ENTRY--PERSONAL NAME
Personal name Aggarwal R.S.
245 ## - TITLE STATEMENT
Title Quantitative Aptitude
Remainder of title For Competitive Examination (Fully Solved)
260 ## - PUBLICATION, DISTRIBUTION, ETC. (IMPRINT)
Date of publication, distribution, etc. 2014
Name of publisher, distributor, etc. S. Chand
300 ## - PHYSICAL DESCRIPTION
Extent 726
365 ## - TRADE PRICE
Currency code Rs.
Price amount 635.00
700 ## - ADDED ENTRY--PERSONAL NAME
Personal name Aggarwal R.S.
906 ## - LOCAL DATA ELEMENT F, LDF (RLIN)
d O:0368710-Jan-2017B:SE/SI/363131-Dec-2016
c GENRL
b 3556
Holdings
Withdrawn status Lost status Damaged status Not for loan Home library Current library Date acquired Vendor Budget Code Cost, normal purchase price Bill number Total Checkouts Total Renewals Full call number Barcode Date last seen Date last checked out Discount Cost, replacement price Bill Date Koha item type Original Barcode
        Cummins College of Engineering for Women Pune Cummins College of Engineering for Women Pune 10/01/2017 Suyog Enterprises GENRL 457.20 SE/SI/3631 10 1 372.4 CCEP-BK-55152 12/09/2025 29/08/2025 3556 635.00 31/12/2016 Books 055152